Cargando...
Theeyundakalkkum Thiramalakalkum Idayail /
| Autor principal: | |
|---|---|
| Formato: | Printed Book |
| Lenguaje: | Malayalam |
| Publicado: |
Kozhikode :
Mathrubhumi ,
1987.
|
| Materias: |
| LEADER | 00511nam a2200157Ia 4500 | ||
|---|---|---|---|
| 008 | 150624b xxu||||| |||| 00| f mal d | ||
| 082 | |a 853.3V2 | ||
| 100 | |a Vinayan | ||
| 245 | |c Vinayan |a Theeyundakalkkum Thiramalakalkum Idayail / | ||
| 260 | |a Kozhikode : |b Mathrubhumi , |c 1987. | ||
| 300 | |a 154 p. | ||
| 546 | |a In Malayalam. | ||
| 650 | |v Novel | ||
| 942 | |c BK | ||
| 999 | |c 82483 |d 82483 | ||
| 952 | |0 1 |1 0 |4 0 |6 853_000000000000000_3V2_THE_M |7 0 |9 82427 |a UL |b UL |c ST2 |d 1998-08-28 |l 0 |o 853.3V2 THE M |p 64157 |r 2012-10-27 |w 2012-10-27 |y BK | ||